书目信息 |
| 题名: |
涉外礼仪
|
|
| 作者: | 金正昆 著 | |
| 分册: | ||
| 出版信息: | 北京 中国人民大学出版社 2007.06 |
|
| 页数: | 184页 | |
| 开本: | 19cm | |
| 丛书名: | 礼仪系列丛书 | |
| 单 册: | ||
| 中图分类: | D802.2 | |
| 科图分类: | ||
| 主题词: | 外交礼节--wai jiao li jie--基本知识 , 风俗习惯--feng su xi guan--世界 | |
| 电子资源: | ||
| ISBN: | 978-7-300-08255-4 | |
| 000 | 00891nam 2200265 450 | |
| 001 | 012008253327 | |
| 005 | 20080423091536.56 | |
| 010 | @a978-7-300-08255-4@dCNY14.50 | |
| 100 | @a20080423d2007 em y0chiy0120 ea | |
| 101 | 0 | @achi |
| 102 | @aCN@b110000 | |
| 105 | @aa z 000yy | |
| 106 | @ar | |
| 200 | 1 | @a涉外礼仪@Ashe wai li yi@f金正昆著@Fjin zheng kun zhu |
| 210 | @a北京@c中国人民大学出版社@d2007.06 | |
| 215 | @a184页@c图@d19cm | |
| 225 | 2 | @a礼仪系列丛书@Ali yi xi lie cong shu@e插图本 |
| 330 | @a本书分涉外通则、日常礼仪、迎宾的礼仪三个部分。主要包括:以人为本,维护形象,求同存异,入乡随俗,信守约定等。 | |
| 410 | 0 | @12001 @a礼仪系列丛书 |
| 606 | 0 | @a外交礼节@Awai jiao li jie@x基本知识 |
| 606 | 0 | @a风俗习惯@Afeng su xi guan@y世界 |
| 690 | @aD802.2@v4 | |
| 701 | 0 | @a金正昆@Ajin zheng kun@4著 |
| 801 | 0 | @aCN@bQSSK@c20080423 |
| 905 | @b296507-09@dD802.2@eJ833@f3 | |
| 涉外礼仪/金正昆著.-北京:中国人民大学出版社,2007.06 |
| 184页:图;19cm.-(礼仪系列丛书:插图本) |
| ISBN 978-7-300-08255-4:CNY14.50 |
| 本书分涉外通则、日常礼仪、迎宾的礼仪三个部分。主要包括:以人为本,维护形象,求同存异,入乡随俗,信守约定等。 |
| ● |
| 相关链接 |
|
|
|
正题名:涉外礼仪
索取号:D802.2/J833
 
预约/预借
| 序号 | 登录号 | 条形码 | 馆藏地/架位号 | 状态 | 备注 |
| 1 | 296507 | 202965078 | 社科库509/509社科库 78排7列4层/ [索取号:D802.2/J833] | 在馆 | |
| 2 | 296508 | 202965087 | 社科库509/509社科库 78排7列4层/ [索取号:D802.2/J833] | 在馆 | |
| 3 | 296509 | 202965096 | 社科库509/509社科库 78排7列4层/ [索取号:D802.2/J833] | 在馆 |